Traducciones/perversiones /

Spanish translator Leopoldo Maria Panero presents bilingual versions of poems by authors such as Catullus to Mick Jagger and Keith Richards, William, Duke of Aquitaine to Robert Browning and Edward Lear.

Đã lưu trong:
Chi tiết về thư mục
Tác giả chính: Panero, Leopoldo María, 1948- (Tác giả)
Tác giả khác: Blesa, Túa (Biên tập viên)
Định dạng: Điện tử eBook
Ngôn ngữ:Tiếng Tây Ban Nha
Tiếng Anh
Tiếng Pháp
Tiếng La-tinh
Được phát hành: Madrid : Visor Libros, [2011]
Loạt:Colección Visor de poesía ; v 769.
Những chủ đề:
Truy cập trực tuyến:Digitalia Hispánica
Các nhãn: Thêm thẻ
Không có thẻ, Là người đầu tiên thẻ bản ghi này!

MARC

LEADER 00000nam a2200000Ii 4500
001 DIGVISR0336
003 NyNyDIG
008 170922s2011 sp ob 000 p spa d
006 m o d
007 cr |||||||||||
035 |a (OCoLC)1004688264 
040 |a DGITA  |b eng  |e rda  |e pn  |c DGITA 
020 |z 9788498957693 
020 |z 8498957699 
041 1 |a spa  |h eng  |h fre  |h lat 
050 1 4 |a PQ6666.A48 ebook ebook 
082 0 4 |a 861.64 
100 1 |a Panero, Leopoldo María,  |d 1948-  |e author. 
245 1 0 |a Traducciones/perversiones /  |c Leopoldo María Panero ; edición de Túa Blesa. 
264 1 |a Madrid :  |b Visor Libros,  |c [2011] 
300 |a 1 online resource. 
336 |a text  |b txt  |2 rdacontent 
337 |a computer  |b c  |2 rdamedia 
338 |a online resource  |b cr  |2 rdacarrier 
490 1 |a Volumen DCCLXIX de la Colección Visor de poesía 
520 |a Spanish translator Leopoldo Maria Panero presents bilingual versions of poems by authors such as Catullus to Mick Jagger and Keith Richards, William, Duke of Aquitaine to Robert Browning and Edward Lear. 
546 |a Spanish translation of poems by various authors from original English, French, and Latin. 
588 0 |a Online resource; title from PDF title page (Digitalia, viewed September 23, 2017) 
655 0 |a Electronic books. 
655 7 |a Poetry.  |2 lcgft 
700 1 |a Blesa, Túa,  |e editor. 
791 2 |a Digitalia (Firm),  |e distributor. 
793 0 |g Digitalia eBook Collection:  |a Visor Libros. 
776 0 8 |i Print version:  |a Panero, Leopoldo María, 1948-  |t Traducciones/perversiones.  |d Madrid : Visor, [2011]  |z 9788498957693  |w (OCoLC)727705183 
830 0 |a Colección Visor de poesía ;  |v v 769. 
856 4 0 |3 Digitalia Hispánica  |u https://digitalia.unach.elogim.com/a/41466/ 
910 |a Premium collection: 2017